Seriale i programy PoloTV - nagła śmierć - Statystyki

Ogólne statystyki
  • Ten quiz został rozwiązany 23 razy
  • Średni wynik to 7 z 10
Answers on the Grid
Answers color-coded by a green-red scale on the quiz's grid according to % correct below.
Prawo Agaty
Na Wspólnej
Wesele z piekła rodem
Przyjaciółki
Kasia i Tomek
Miłość w rytmie disco
Disco Star
Pierwsza miłość
W rytmie serca
Farma
Gliniarze
Czekając na imprezę
Sekrety rodziny
Disco weekend z Blondi
Linia życia
Dlaczego ja?
Nówki
Kuchenne Rewolucje
Co my tu robimy? Fajnie się bawimy!
Gry małżeńskie
Trudne sprawy
Królowa przetrwania
Zdrady
Hotel Paradise
Ślub od pierwszego wejrzenia
Ukryta prawda
Folkowe Love
Big Brother
 
Statystyki odpowiedzi
Odpowiedź % Poprawnych
Miłość w rytmie disco
93%
Czekając na imprezę
86%
Wesele z piekła rodem
86%
Disco weekend z Blondi
79%
Co my tu robimy? Fajnie się bawimy!
71%
Disco Star
71%
Folkowe Love
64%
Nówki
57%
Gry małżeńskie
36%
Zdrady
21%
Nie znaleziono quizów pasujących do podanych kryteriów
Rozkład punktacji
Procent ludzi z każdym wynikiem
Percentyl według liczby udzielonych odpowiedzi
Twoja historia wyników
Nie rozwiązałeś tego quizu